| 000 | 01049cam a22003134a 4500 | ||
|---|---|---|---|
| 001 | 1213325 | ||
| 003 | OSt | ||
| 005 | 20140310182723.0 | ||
| 008 | 990302s2000 njua b 001 0 eng | ||
| 010 | _a 99024235 | ||
| 020 | _a9814119008 | ||
| 040 |
_aDLC _cDLC _dDLC |
||
| 042 | _apcc | ||
| 050 | 0 | 0 |
_aTS 156.8 _b.J63 2002 |
| 100 | 1 |
_aJohnson, Curtis D., _d1939- |
|
| 245 | 1 | 0 |
_aProcess control instrumentation technology / _cCurtis D. Johnson. |
| 250 | _a6th ed. | ||
| 260 |
_aUpper Saddle River, N.J. : _bPrentice Hall, _c2002. |
||
| 300 |
_a678 p. : _bill. ; _c24 cm. |
||
| 504 | _aIncludes bibliographical references (p. 619) and index. | ||
| 521 | _aIT | ||
| 562 | _eFor Circulation | ||
| 650 | 0 | _aProcess control. | |
| 650 | 0 | _aEngineering instruments. | |
| 906 |
_a7 _bcbc _corignew _d1 _eocip _f19 _gy-gencatlg |
||
| 942 |
_2lcc _cBK _kFOR |
||
| 999 |
_c15369 _d15369 |
||